La población indígena maleku de Costa Rica /
La población indígena maleku de mediados del siglo XIX es reconstruida usando los métodos etnohistórico y de investigación colaborativa de campo. De acuerdo a los cuatro diferentes cálculos realizados, se concluye que la población indígena maleku a mediados del siglo XIX oscilaba entre 1500 y 2000 p...
Guardado en:
| Hovedforfatter: | |
|---|---|
| Format: | Texto |
| Fag: | |
| Tags: |
Tilføj Tag
Ingen Tags, Vær først til at tagge denne postø!
|
MARC
| LEADER | 00000 a a2200000 04500 | ||
|---|---|---|---|
| 001 | 1144 | ||
| 003 | |||
| 040 | |||
| 100 | |a Castillo Vásquez, Roberto | ||
| 245 | |a La población indígena maleku de Costa Rica / |c Roberto Castillo Vásquez | ||
| 520 | |a La población indígena maleku de mediados del siglo XIX es reconstruida usando los métodos etnohistórico y de investigación colaborativa de campo. De acuerdo a los cuatro diferentes cálculos realizados, se concluye que la población indígena maleku a mediados del siglo XIX oscilaba entre 1500 y 2000 personas. Además, se explora los factores que explican el colapso demográfico y la casi exterminación de los maleku como grupo indígena a finales del siglo XIX | ||
| 650 | |a POBLACION INDIGENA | ||
| 650 | |a ANALISIS DEMOGRAFICO | ||
| 650 | |a ETNOGRAFIA | ||
| 650 | |a COSTA RICA | ||
| 773 | |g volumen 31; páginas 115-136 | ||
| 999 | |c 27519 |d 27519 | ||
| 773 | 0 | |0 18765 |9 5210 |a Universidad de Costa Rica. |d San José, Costa Rica: Editorial Universidad de Costa Rica, 1974- |o 05254 |t Anuario de Estudios Centroamericanos / |x 03777316 | |
